Corsica, Sardinia or Sicily - Statistics

General Stats
  • This quiz has been taken 355 times
    346 since last reset
  • The average score is 10 of 12
Answer Stats
Question Answer % Correct
Is not part of Italy Corsica
97%
Napoleon was born there Corsica
93%
Has the highest mountain (also the largest active volcano of Europe) Sicily
93%
Is known for the Cosa Nostra, the first Mafia Sicily
90%
A family of fish is named after this island Sardinia
87%
The second largest city is Catania Sicily
87%
Is the largest Sicily
85%
Is shaped roughly triangular Sicily
85%
Has the largest opera house of Italy. (On its staircase Mary Corleone dies.) Sicily
85%
Has the highest life expectancy and the highest density of centenarians in the world. Sardinia
68%
Has a man of colour with a bandana on its flag Corsica and Sardinia
63%
Its capital only has two different vowels Sardinia
63%
No matching quizzes found
Score Distribution
Percent of People with Each Score
Percentile by Number Answered
Your Score History
You have not taken this quiz since the last reset